"Můj děda nebyl nácek" : nacismus a holocaust v rodinné paměti / Harald Welzer, Sabine Mollerová, Karoline Tschuggnallová ; [ve spolupráci a Olafem Jensenem a Torstenem Kochem ; přeložili Hana Wagnerová a Filip Huněk]
Record details
- ISBN: 978-80-257-0228-4
- Physical Description: 207 s. ; 22 cm
- Edition: Vyd. 1.
- Publisher: Praha : Argo, 2010
Content descriptions
| General Note: | Přeloženo z němčiny |
| Bibliography, etc. Note: | Obsahuje bibliografii, bibliografické odkazy a rejstřík |
Search for related items by subject
| Genre: | studie výzkumné zprávy studies research reports |
Search for related items by series
Available copies
- 1 of 1 copy available at Common Catalog SPOK.
Holds
- 0 current holds with 1 total copy.
Show Only Available Copies
| Location | Call Number / Copy Notes | Barcode | Shelving Location | Status | Due Date |
|---|---|---|---|---|---|
| The Jewish community of Prague | K 2795 | 4638300090 | K - Beletrie | Available | - |
Electronic resources
Version of Resource: Digitalizovaný dokument
| LDR | 03188nam a2200805 a 4500 | ||
|---|---|---|---|
| 001 | 54089 | ||
| 003 | CZ-PrJAB | ||
| 005 | 20160304154341.0 | ||
| 007 | ta | ||
| 008 | 100121s2010 xr e 001 0 cze | ||
| 015 | . | ‡acnb002030031 | |
| 020 | . | ‡a978-80-257-0228-4 ‡q(váz.) | |
| 035 | . | ‡a(CZ PrNK)nkc20102030031 | |
| 035 | . | ‡a(OCoLC)655138187 | |
| 040 | . | ‡aABA001 ‡bcze | |
| 041 | 1 | . | ‡acze ‡hger |
| 043 | . | ‡ae-gx--- | |
| 045 | . | ‡ax4y0 | |
| 072 | 7. | ‡a316.4/.7 ‡xSociální interakce. Sociální komunikace ‡2Konspekt ‡918 | |
| 080 | . | ‡a329.17 ‡2MRF | |
| 080 | . | ‡a323.12"1939/1945" ‡2MRF | |
| 080 | . | ‡a159.923.2:17.024.3 ‡2MRF | |
| 080 | . | ‡a316.614.5 ‡2MRF | |
| 080 | . | ‡a316.4.051.63 ‡2MRF | |
| 080 | . | ‡a316.6:159.953 ‡2MRF | |
| 080 | . | ‡a316.454.3 ‡2MRF | |
| 080 | . | ‡a930.1:159.953 ‡2MRF | |
| 080 | . | ‡a930.2-028.16 ‡2MRF | |
| 080 | . | ‡a(430) ‡2MRF | |
| 080 | . | ‡a(048.8) ‡2MRF | |
| 080 | . | ‡a(047.31) ‡2MRF | |
| 100 | 1 | . | ‡aWelzer, Harald, ‡d1958- ‡7ola2008474618 ‡4aut |
| 245 | 1 | 0. | ‡a"Můj děda nebyl nácek" : ‡bnacismus a holocaust v rodinné paměti / ‡cHarald Welzer, Sabine Mollerová, Karoline Tschuggnallová ; [ve spolupráci a Olafem Jensenem a Torstenem Kochem ; přeložili Hana Wagnerová a Filip Huněk] |
| 246 | 3 | 0. | ‡aNacismus a holocaust v rodinné paměti |
| 250 | . | ‡aVyd. 1. | |
| 260 | . | ‡aPraha : ‡bArgo, ‡c2010 | |
| 300 | . | ‡a207 s. ; ‡c22 cm | |
| 490 | 1 | . | ‡aHistorické myšlení ; ‡vsv. 51 ‡aTotalitarismus a šoa ; ‡vsv. 12 |
| 500 | . | ‡aPřeloženo z němčiny | |
| 504 | . | ‡aObsahuje bibliografii, bibliografické odkazy a rejstřík | |
| 650 | 0 | 7. | ‡anacismus ‡7ph115411 ‡2czenas |
| 650 | 0 | 7. | ‡aholocaust (1939-1945) ‡7ph117203 ‡2czenas |
| 650 | 0 | 7. | ‡avyrovnání se s minulostí ‡7ph210129 ‡zNěmecko ‡y1945- ‡2czenas |
| 650 | 0 | 7. | ‡apsychologie rodiny ‡7ph117484 ‡zNěmecko ‡2czenas |
| 650 | 0 | 7. | ‡amezigenerační vztahy ‡7ph202180 ‡zNěmecko ‡2czenas |
| 650 | 0 | 7. | ‡asociální paměť ‡7ph114496 ‡zNěmecko ‡2czenas |
| 650 | 0 | 7. | ‡akolektivní vina ‡7ph116658 ‡zNěmecko ‡2czenas |
| 650 | 0 | 7. | ‡ahistorické vědomí ‡7ph573524 ‡zNěmecko ‡2czenas |
| 650 | 0 | 7. | ‡aorální historie ‡7ph123826 ‡zNěmecko ‡2czenas |
| 650 | 0 | 9. | ‡aNazism ‡2eczenas |
| 650 | 0 | 9. | ‡aholocaust, 1939-1945 ‡2eczenas |
| 650 | 0 | 9. | ‡acoming to terms with the past ‡zGermany ‡y1945- ‡2eczenas |
| 650 | 0 | 9. | ‡apsychology of family ‡zGermany ‡2eczenas |
| 650 | 0 | 9. | ‡aintergenerational relations ‡zGermany ‡2eczenas |
| 650 | 0 | 9. | ‡asocial memory ‡zGermany ‡2eczenas |
| 650 | 0 | 9. | ‡acollective guilt ‡zGermany ‡2eczenas |
| 650 | 0 | 9. | ‡ahistorical consciousness ‡zGermany ‡2eczenas |
| 650 | 0 | 9. | ‡aoral history ‡zGermany ‡2eczenas |
| 653 | 0 | . | ‡arodinná paměť |
| 655 | 7. | ‡astudie ‡7fd133597 ‡2czenas | |
| 655 | 7. | ‡avýzkumné zprávy ‡7fd131869 ‡2czenas | |
| 655 | 9. | ‡astudies ‡2eczenas | |
| 655 | 9. | ‡aresearch reports ‡2eczenas | |
| 700 | 1 | . | ‡aMoller, Sabine, ‡d1971- ‡7jx20100625015 ‡4aut |
| 700 | 1 | . | ‡aTschuggnall, Karoline, ‡d1966- ‡7jx20100625017 ‡4aut |
| 765 | 0 | . | ‡t"Opa war kein Nazi" ‡9Česky |
| 830 | 0. | ‡aHistorické myšlení. ‡pTotalitarismus a šoa | |
| 856 | 4 | 1. | ‡uhttp://krameriusndk.nkp.cz/search/handle/uuid:c7f95950-865c-11e7-aab4-005056827e52 ‡yDigitalizovaný dokument |
| 910 | . | ‡aABE461 | |
| 995 | . | ‡aska | |
| 901 | . | ‡a54089 ‡bAUTOGEN ‡c54089 ‡tbiblio | |